| 000 | 00365nam a2200157Ia 4500 | ||
|---|---|---|---|
| 008 | 230917s9999||||xx |||||||||||||| ||und|| | ||
| 040 |
_e28700 _aMAIN |
||
| 041 | _aEnglish | ||
| 082 | _a362.29 P49L | ||
| 100 | _aPhadke, K M | ||
| 245 | 0 | _aLiberation from addictions | |
| 250 | _aIst ,ed. | ||
| 260 |
_aMumbai _bHimalaya _c1998 |
||
| 300 | _a133 p. | ||
| 942 | _cBK | ||
| 999 |
_c99303 _d99303 |
||